A to Z: Canada - Statistics

General Stats
  • This quiz has been taken 43 times
  • The average score is 17 of 26
Answer Stats
Letter Hint Answer % Correct
A Which Canadian province is known for its vast oil sands and the Rocky Mountains? Alberta
100%
F What is the main language spoken in the province of Quebec? French
100%
G What is the name of the group of five large freshwater lakes located on the border between Canada and the United States, which includes Lake Superior, Lake Michigan, Lake Huron, Lake Erie, and Lake Ontario? Great Lakes
100%
N What is the name of the famous natural attraction located on the border between Ontario, Canada, and New York, USA, known for its stunning waterfalls and as a popular tourist destination? Niagara Falls
100%
E What is the capital of the province of the answer of the letter "A"? Edmonton
97%
M What is the biggest city of the province of Quebec? Montreal
95%
I What is the name of the Indigenous people primarily residing in the Arctic regions of Canada, known for their unique cultural practices and language, Inuktitut? Inuit
92%
T What is the capital city of the province of Ontario? Toronto
92%
C What is the biggest city of the province of the answer of the letter "A"? Calgary
89%
D What is the last name of the famous Canadian singer known for hits like "My Heart Will Go On"? Dion
87%
H What is the capital of the province of Nova Scotia? Halifax
84%
O What is the name of the official national anthem of Canada? O Canada
84%
L What is the national sport of Canada in summer? Lacrosse
79%
Y What is the name of the Canadian territory known for its wildlife and northern landscapes? Yukon
79%
S Which major river flows through the heart of Quebec and is crucial for shipping and trade? St. Lawrence River
68%
J What is the name of the Canadian national park located in the answer of the letter "A", known for its stunning mountain scenery, outdoor recreational opportunities, and as part of the Canadian Rocky Mountain Parks UNESCO World Heritage Site? Jasper
61%
V What is the name of the capital city of the province of British Columbia? Victoria
55%
Q What term is used to refer to the people of Quebec, particularly those who speak French and are part of the province's distinct cultural identity? Quebecois
53%
Z What is the name of the machine used to resurface ice rinks, commonly seen in hockey arenas? Zamboni
50%
W What is the capital city of the answer of the letter "Y"? Whitehorse
45%
B What term describes the ability to speak and understand two languages fluently, which is an important aspect of Canada's official language policy? Bilingualism
32%
U What was the historical name given to the region that is now known as Ontario during the period of British colonial rule in the late 18th and early 19th centuries? Upper Canada
29%
R What was the first name of the famous Prime Minister of Canada during World War I who introduced conscription, is on the current 100$ bill and later helped to establish Canada’s autonomy from Britain at the Paris Peace Conference? Robert
18%
P What was the first name of the famous Prime Minister of Canada known for implementing the Official Languages Act, being the father of Justin Trudeau and his significant role in the patriation of the Constitution? Pierre Elliott
11%
K What is the name of the Indigenous group primarily found in the northern regions of Canada, particularly in the Yukon and Northwest Territories? Kaska
0%
X What is the name of the Canadian telecommunications company that specializes in providing high-speed internet services to rural and remote areas across Canada? Xplornet Communications
0%
No matching quizzes found
Score Distribution
Percent of People with Each Score
Percentile by Number Answered
Your Score History
You have not taken this quiz